000 00768nam a22002292 4500
001 0000000327
005 20151021151046.0
008 070122s xx 000 0 eng d
020 _a0131273116 :
_cKES 1,760
040 _aKABU
_cKABU
050 0 _aT58.6
_b.L38 2005
100 1 _aLaudon, Kenneth C.
_@0000154968
245 1 0 _aEssentials of management information systems :
_bmanaging the digital firm /
_cKenneth C. Laudon, Jane P. Laudon.
250 _a6th ed.
260 _aUpper Saddle River, NJ :
_bPearson Educ.,
_c2005.
300 _axxviii, 636 p.
650 0 _aManagement information systems.
_@0000148209
700 1 _aLaudon, Jane P.
_@0000156060
908 _a070122
950 _@1
999 _c184
_d184